00643nam a2200181 a 450000100060000000300090000600800410001502000150005604000280007108200160009910000210011524500570013626000240019330000100021750501780022765000260040565000300043123036CO-ViMGA141112s2004 ck r 000 u spa d a9580465584 aCO-ViMGAbspacCO-ViMGA04a701.1 M154l1 aManguel, ALberto10aLeyendo imà€genes : bUna historia privada del arte aColombia : bNorman a356p. aLa imagen como relato, La imagen como ausencia. La imagen como testigo, La imagen como pesadilla, La imagen como reflejo, La imagen como violencia, La imagen como subversion14aAPRECIACION DEL ARTE 14aARTE - HISTORIA Y CRITICA